Faculty of Law Library — Cairo University

Official Online Catalog

The trial of Regnald Sidney Buckfield / (Record no. 68397)

MARC details
000 -LEADER
fixed length control field 01364nam a2200373 i 4500
003 - CONTROL NUMBER IDENTIFIER
control field EG-GICUC
005 - DATE AND TIME OF LATEST TRANSACTION
control field 20260402102301.0
008 - FIXED-LENGTH DATA ELEMENTS--GENERAL INFORMATION
fixed length control field 260402s1944 enkao||fr|||| 00| 0 eng d
040 ## - CATALOGING SOURCE
Original cataloging agency EG-GiCUC
Language of cataloging eng
Transcribing agency EG-GiCUC
Modifying agency EG-GiCUC
Description conventions rda
041 ## - LANGUAGE CODE
Language code of text/sound track or separate title eng
082 04 - DEWEY DECIMAL CLASSIFICATION NUMBER
Edition number 21
Classification number 343.37
Item number RO . T
092 04 - LOCALLY ASSIGNED DEWEY CALL NUMBER (OCLC)
Edition number 21
099 ## - LOCAL FREE-TEXT CALL NUMBER (OCLC)
Classification number Law1 10 343.37 RO . T 1944
100 1# - MAIN ENTRY--PERSONAL NAME
Personal name Roberts, C. E. Bechhofer
Fuller form of name Carl Eric Bechhofer Roberts
Relator term Author.
-- presenter
245 14 - TITLE STATEMENT
Title The trial of Regnald Sidney Buckfield /
Statement of responsibility, etc. edited, with a foreword and a note on crime and insanity, by C.E. Bechhofer Roberts.
264 #1 - PRODUCTION, PUBLICATION, DISTRIBUTION, MANUFACTURE, AND COPYRIGHT NOTICE
Place of production, publication, distribution, manufacture London :
Name of producer, publisher, distributor, manufacturer Jarrolds,
Date of production, publication, distribution, manufacture, or copyright notice 1944.
300 ## - PHYSICAL DESCRIPTION
Extent 192 pages :
Other physical details illustrations,
Dimensions 24 cm.
336 ## - CONTENT TYPE
Source rda content
Content type term text
337 ## - MEDIA TYPE
Source rda media
Media type term Computer
338 ## - CARRIER TYPE
Source rda carrier
Carrier type term Online Resource
490 ## - SERIES STATEMENT
Series statement The Old Bailey trial series ;
Volume/sequential designation 2.
500 ## - GENERAL NOTE
General note Includes a foreword and a note on crime and insanity.
500 ## - GENERAL NOTE
General note The trial for the murder of Ellen Ann Symes was held in the Central Criminal Court, London, Jan. 20-26, 1943.<br/>
504 ## - BIBLIOGRAPHY, ETC. NOTE
Bibliography, etc. note Includes colored illustrations,
546 ## - LANGUAGE NOTE
Language note Text in English
650 1# - SUBJECT ADDED ENTRY--TOPICAL TERM
Topical term or geographic name entry element Criminal Law
650 1# - SUBJECT ADDED ENTRY--TOPICAL TERM
Topical term or geographic name entry element Criminal procedure
650 1# - SUBJECT ADDED ENTRY--TOPICAL TERM
Topical term or geographic name entry element Trials
650 1# - SUBJECT ADDED ENTRY--TOPICAL TERM
Topical term or geographic name entry element Criminal trial
650 1# - SUBJECT ADDED ENTRY--TOPICAL TERM
Topical term or geographic name entry element Insanity
856 40 - ELECTRONIC LOCATION AND ACCESS
Uniform Resource Identifier <a href="https://fll.law.cu.edu.eg/fulltext/bks/B10-08212.pdf">https://fll.law.cu.edu.eg/fulltext/bks/B10-08212.pdf</a>
905 ## - Cataloger and Reviser Names
Cataloger Name: Gomana
942 ## - ADDED ENTRY ELEMENTS (KOHA)
Source of classification or shelving scheme Dewey Decimal Classification
Suppress in OPAC No
Koha item type Books
Edition 21
Holdings
Withdrawn status Lost status Source of classification or shelving scheme Damaged status Not for loan Collection Home library Current library Date acquired Total checkouts Full call number Barcode Date last seen Copy number Price effective from Koha item type
    Dewey Decimal Classification   Not for loan القانون الجنائي جــــامعة القــاهرة مكتبة كلية الحقوق - المبنى الرئيسي 02.04.2026   Law1 10 343.37 RO . T 1944 1008212 C1 B10-08212 02.04.2026 1 02.04.2026 Books

© All rights reserved — Faculty of Law, Cairo University